Gramática de la lengua española

Spremljeno u:
Bibliografski detalji
Autor kompanije: Real Academia Española (Autor)
Format: Knjiga
Jezik:španjolski
Izdano: Madrid Espasa Calpe 1999
Serija:Colección Nebrija y Bello
Teme:
Oznake: Dodaj oznaku
Bez oznaka, Budi prvi tko označuje ovaj zapis!

MARC

LEADER 00000nam a2200000 a 4500
001 UCN1766
003 CL-VaPUC
008 010504e19990000SP |||||||||||||||||spa|d
082 0 4 |a 465  |b REA  |2 21 
110 2 |a Real Academia Española  |e author  |9 457094 
245 1 0 |a Gramática de la lengua española 
300 |a 508 p 
942 |c BK 
945 |d 20010504 00:00:00  |a vberengu 
260 |a Madrid  |b Espasa Calpe  |c 1999 
650 0 |a Gramática  |9 270497 
650 0 |a Morfología  |9 334440 
583 |a last modification  |c 20010504 00:00:00  |k Rodrigo Vera 
490 0 |a Colección Nebrija y Bello 
999 |c 294996  |d 294994 
952 |0 0  |1 0  |4 0  |6 465_000000000000000_REA_1999  |7 0  |8 A  |9 347806  |a FDOPOS  |b FDOPOS  |d 2019-11-20  |i 3719278  |o 465 REA 1999  |p 3719278  |r 2025-01-22  |w 2019-11-20  |y BK  |k MLA